00298 a2200121 4500001000700000020001500007040003500022100002300057240004100080245003600121300001000157362000900167157205 a8506010322 cEscola São Tomás de Aquino aMACHADO, Ana Maria10aMenina bonita do laço de fitalpor10aMenina bonita do laço de fita a16 p.0 a1986